Applied Numerical Analysis (Record no. 611516)

000 -LEADER
fixed length control field 00377nam a22001457a 4500
020 ## - INTERNATIONAL STANDARD BOOK NUMBER
International Standard Book Number 0201026961
040 ## - CATALOGING SOURCE
Transcribing agency NUST
082 ## - DEWEY DECIMAL CLASSIFICATION NUMBER
Classification number 519.4
Author Mark GER
100 ## - MAIN ENTRY--PERSONAL NAME
Personal name Curtis F. Gerald
9 (RLIN) 102
245 ## - TITLE STATEMENT
Title Applied Numerical Analysis
250 ## - EDITION STATEMENT
Edition statement Second Edition
260 ## - PUBLICATION, DISTRIBUTION, ETC.
Place of publication, distribution, etc. London
Name of publisher, distributor, etc. Addison Wesley Publishing Company,
Date of publication, distribution, etc. 1980.
650 ## - SUBJECT ADDED ENTRY--TOPICAL TERM
Source of heading or term Applied Numerical Analysis
942 ## - ADDED ENTRY ELEMENTS (KOHA)
Source of classification or shelving scheme
Koha item type Book
Holdings
Withdrawn status Lost status Source of classification or shelving scheme Damaged status Not for loan Permanent Location Current Location Shelving location Date acquired Total Checkouts Full call number Barcode Date last seen Price effective from Koha item type
          College of Electrical & Mechanical Engineering (CEME) College of Electrical & Mechanical Engineering (CEME) General Stacks 09/12/2024   519.4 GER CEME-34158 09/12/2024 09/12/2024 Book
© 2023 Central Library, National University of Sciences and Technology. All Rights Reserved.